| 000 | 00381nam a22001697a 4500 | ||
|---|---|---|---|
| 005 | 20160621102602.0 | ||
| 008 | 160621b xxu||||| |||| 00| 0 eng d | ||
| 020 | _a81-203-1149-3 | ||
| 041 | _aeng | ||
| 082 | _b8673 | ||
| 100 |
_aStren, Louis.W and others _92364 |
||
| 245 | _aMarketing Channels | ||
| 260 | _bPHI | ||
| 300 | _a540 | ||
| 650 |
_aManagement _9241 |
||
| 942 | _cBK | ||
| 999 |
_c3346 _d3345 |
||